LIBRARY ONLINE CATALOGUE

Learning deep learning : (Record no. 20468)

MARC details
000 -LEADER
fixed length control field 00888nam a22002895i 4500
001 - CONTROL NUMBER
control field 21994071
003 - CONTROL NUMBER IDENTIFIER
control field OSt
005 - DATE AND TIME OF LATEST TRANSACTION
control field 20250210124333.0
008 - FIXED-LENGTH DATA ELEMENTS--GENERAL INFORMATION
fixed length control field 210414s2021 mau 000 0 eng
010 ## - LIBRARY OF CONGRESS CONTROL NUMBER
LC control number 2021937264
020 ## - INTERNATIONAL STANDARD BOOK NUMBER
International Standard Book Number 9780137470358
040 ## - CATALOGING SOURCE
Original cataloging agency DLC
Language of cataloging eng
Description conventions rda
Transcribing agency DLC
042 ## - AUTHENTICATION CODE
Authentication code pcc
100 1# - MAIN ENTRY--PERSONAL NAME
Personal name Ekman, Magnus,
Relator term .
245 10 - TITLE STATEMENT
Title Learning deep learning :
Remainder of title theory and practice of neural networks, computer vision, natural language processing, and transformers using tensorflow /
Statement of responsibility, etc. Magnus Ekman.
250 ## - EDITION STATEMENT
Edition statement .
263 ## - PROJECTED PUBLICATION DATE
Projected publication date 2108
264 #1 - PRODUCTION, PUBLICATION, DISTRIBUTION, MANUFACTURE, AND COPYRIGHT NOTICE
Place of production, publication, distribution, manufacture Boston :
Name of producer, publisher, distributor, manufacturer Addison-Wesley,
Date of production, publication, distribution, manufacture, or copyright notice 2021.
300 ## - PHYSICAL DESCRIPTION
Extent liii, 688p.
336 ## - CONTENT TYPE
Content type term text
Content type code txt
Source rdacontent
337 ## - MEDIA TYPE
Media type term unmediated
Media type code n
Source rdamedia
338 ## - CARRIER TYPE
Carrier type term volume
Carrier type code nc
Source rdacarrier
520 ## - SUMMARY, ETC.
Assigning source Provided by publisher.
906 ## - LOCAL DATA ELEMENT F, LDF (RLIN)
a 0
b ibc
c orignew
d 2
e epcn
f 20
g y-gencatlg
942 ## - ADDED ENTRY ELEMENTS (KOHA)
Source of classification or shelving scheme Library of Congress Classification
Koha item type General Collection
Holdings
Withdrawn status Lost status Source of classification or shelving scheme Not for loan Home library Current library Shelving location Date acquired Cost, normal purchase price Total Checkouts Total Renewals Full call number Barcode Date last seen Date last checked out Copy number Price effective from Koha item type
    Library of Congress Classification   Kabarak, Main Campus Kabarak, Main Campus General Stacks 10/07/2024 7654.00 4 1 QA76.76 .A65E36 2022 C.1 34126 22/01/2026 07/07/2025 C.1 10/07/2024 General Collection